000 01021 a2200217 4500
001 53050
005 20260407155804.0
008 260407a1959 arg spa d
003 AR-UNSa-BCEJYS
040 _aAR-UNSa-BCEJYS
_bspa
_cAR-UNSa-BCEJYS
080 _a330.834
_xKeynes y el keynesianismo. Neokeynesianismo. Poskeynesianismo
245 1 0 _aEnsayos de economía poskeynesiana
264 1 _aMéxico :
_bFondo de Cultura Económica
_c1959
300 _a355 p.
_c21 cm.
505 _a1. Ensayos sobre la teoría de la desocupación - 2. La tasa de interés - 3. Notas sobre la economía del progreso técnico - 3. La generalización de la "teoría general" - 4. Reconocimientos y desconocimientos - 5. La teoría del valor trabajo - 6. Marx, Marshall y Keynes: tres criterios sobre el capitalismo.
041 _aspa
942 _cBK
590 _aniveau_biblio:m niveau_hierar:0
100 1 _aRobinson, Joan
856 4 1 _uhttps://www.biblioeco.unsa.edu.ar/pmb/images/libros/L128298.jpg
_yImagen de portada
_qimage/jpeg
999 _c5058
_d5058